000 00839nam a2200253Ia 4500
003 OSt
005 20220927110830.0
006 a|||||r|||| 00| 0
007 ta
008 220926b |||||||| |||| 00| 0 eng d
024 _a95475
037 _cReports
040 _aRTL
_cRTL
_beng
041 _2eng
_aeng
082 _a"X9(F552).8.N7t, L7.3"
110 _a"Australia, Senate, National Resources (Standing Committe On-) (Chairman: Durack)"
_9380506
245 0 _aSolar energy (Official Hansard Report)
260 _aCanberra
_bGovt Printer
_c1977
300 _a2798p.
_ccm.
650 _aFuel Industry Nuclear
700 _a"Australia, Senate, National Resources (Standing Committe On-) (Chairman: Durack)"
_9380507
942 _h"X9(F552).8.N7t, L7.3"
_cCC
999 _c698089
_d698089